000 00873cam a22002774a 4500
001 15360005
005 20180122035514.0
008 080709s2008 nyu 001 0 eng d
010 _a 2008274787
020 _a1599412578 (alk. paper)
020 _a9781599412573 (alk. paper)
020 _a9781599415420 (pbk. : alk. paper : teacher's manual)
035 _a(OCoLC)ocn226659703
040 _aYDXCP
_cYDXCP
_dBTCTA
_dBAKER
_dONS
_dDLC
041 _aeng
042 _alccopycat
043 _an-us---
080 _a34 RIC
082 _234 RIC
100 1 _a14
101 _aJUR
245 1 0 _aEnvironmental law and policy :
_cby Richard L. Revesz.
906 _a7
_bcbc
_ccopycat
_d2
_encip
_f20
_gy-gencatlg
942 _2ddc
_cBK
999 _c40633
_d40633